Petit Bac #72 - Communes des États-Unis - Statistiques

Statistiques générales
  • Ce quiz a été pris 3 710 fois
    2 280 depuis la dernière actualisation
  • Le résultat moyen est 13 sur 22
Statistiques - réponses
1ère Lettre Commune (200.000+ hab.) % Correct
D Dallas / Denver / Détroit / Durham / Des Moines
93%
N New York / Nashville / Newark / North Las Vegas / Norfolk
93%
L Los Angeles / Las Vegas / Louisville / Long Beach / La Nouvelle-Orléans / Lexington / Lincoln / Laredo / Lubbock
92%
S San Diego / San Antonio / San José / San Francisco / Seattle / Sacramento / San Juan / Santa Ana / Stockton / Saint Paul / Saint-Louis / St. Petersburg / Scottsdale / Spokane / San Bernardino / Santa Clarita / Salt Lake City
91%
B Boston / Baltimore / Bakersfield / Buffalo / Bayamón / Boise / Baton Rouge / Birmingham
90%
C Chicago / Columbus / Charlotte / Colorado Springs / Cleveland / Corpus Christi / Cincinnati / Chula Vista / Chandler / Chesapeake
90%
M Memphis / Milwaukee / Mesa / Miami / Minneapolis / Madison / Modesto / Moreno Valley
87%
A Austin / Albuquerque / Atlanta / Arlington / Aurora / Anaheim / Anchorage / Amarillo
85%
W Washington DC / Wichita / Winston-Salem
83%
P Phoenix / Philadelphie / Portland / Pittsburgh / Plano / Paradise
80%
H Houston / Honolulu / Henderson / Hialeah / Huntington Beach
70%
O Oklahoma City / Omaha / Oakland / Orlando / Oxnard
68%
I Indianapolis / Irvine / Irving
56%
K Kansas City
50%
J Jacksonville / Jersey City
43%
T Tucson / Tulsa / Tampa / Toledo / Tacoma
33%
R Raleigh / Riverside / Reno / Richmond / Rochester
31%
F Fort Worth / Fresno / Fort Wayne / Fremont / Fontana / Fayetteville
18%
E El Paso
16%
V Virginia Beach
7%
G Greensboro / Glendale / Gilbert / Garland / Grand Rapids
6%
Y Yonkers
2%
Aucun quiz correspondant
Distribution des résultats
% des personnes avec chaque résultat
Percentile par nombre de réponses
Votre historique - résultats
Vous n’avez pas pris ce quiz depuis la dernière actualisation